Principios de sistemas de información
Kaydedildi:
| Yazar: | |
|---|---|
| Materyal Türü: | Kitap |
| Dil: | İspanyolca |
| Baskı/Yayın Bilgisi: |
Ciudad de México
McGraw-Hill
1988
|
| Konular: | |
| Etiketler: |
Etiketle
Etiket eklenmemiş, İlk siz ekleyin!
|
MARC
| LEADER | 00000nam a2200000 a 4500 | ||
|---|---|---|---|
| 001 | UCV6759 | ||
| 003 | CL-VaPUC | ||
| 008 | 891024e19880000MX |||||||||||||||||spa|d | ||
| 082 | 0 | 4 | |a 658.403 |b SCO |2 21 |
| 100 | 0 | |a Scott, George M |e author |9 300804 | |
| 245 | 1 | 0 | |a Principios de sistemas de información |
| 300 | |a 646 p | ||
| 942 | |c BK | ||
| 945 | |d 19891024 00:00:00 | ||
| 260 | |a Ciudad de México |b McGraw-Hill |c 1988 | ||
| 650 | 0 | |a Sistemas de información en administración |9 260041 | |
| 583 | |a last modification |c 19891024 00:00:00 |k Rodrigo Vera | ||
| 999 | |c 212642 |d 212640 | ||
| 952 | |0 0 |1 0 |4 0 |6 658_403000000000000_SCO_1988 |7 0 |8 A |9 193884 |a BIBGIM |b BIBGIM |d 2019-11-14 |i 2620537 |o 658.403 SCO 1988 |p 2620537 |r 2025-01-15 |w 2019-11-14 |y BK |k COM | ||
| 952 | |0 0 |1 0 |4 0 |6 658_403000000000000_SCO_1988 |7 0 |8 A |9 193885 |a BIBING |b BIBING |d 2019-11-14 |i 2620545 |o 658.403 SCO 1988 |p 2620545 |r 2023-03-02 |w 2019-11-14 |y BK |k EII | ||